000 00372nam a22001577a 4500
003 SGT
020 _a978-81-265-5379-2
082 _a681.761
_bWEB
100 _aWEBSTER,JOHN.G
245 _aMEDICAL INSTRUMENTATION : APPLICATION AND DESIGN
250 _a4TH
260 _aNEW DELHI
_bWILEY
_c2016
300 _a713
650 _aMECHANICAL ENGINERING.
942 _2ddc
_cBK
999 _c14061
_d14061